00786nam a2200265Ia 4500001000900000003000500009005001700014008004100031010001100072020002200083040000900105082002200114110001900136245010000155260004000255300001100295503000700306504002700313650003600340650003300376650001900409650003600428700003700464710001900501dia_5892CHAP20230608135504.0220117s2010 xx 000 0 und d a177017 a978-607-05-0284-2 cCHAP a641.3374 K35 2010 aGrupo México aKakaw : evolución y revolución /c Grupo México ; colaboración José Ramón Castillo aMéxico :b Grupo México,c2010 a157 p. aC. aBibliografía: p. 151 aChocolatexMéxicoxHistoria  aChocolatexMexicoxHistory  aCocoa products aProductos derivados del cacao  aRamón Castillo, José, colab. aGrupo México